Názorná metodika výcviku vrhu guľou

Bibliographic Details
Main Author: Ihring, Anton (Author)
Format: Article
Language:Slovak
Subjects:

MARC

LEADER 00000nab a2200000 a 4500
001 vtls009511138
003 SK-MaSNL
005 20260305035258.0
008 090511c1971 xo 0 slo
015 |a SNBRB1971  |2 snkbucl 
040 |a SNKBUCL  |b slo  |c SNKBUCL  |e AACR2 
041 0 |a slo 
044 |a xo  |c SK 
080 |a 796.433.1.015  |2 2001 
100 1 |a Ihring, Anton  |4 aut  |9 568599 
245 1 0 |a Názorná metodika výcviku vrhu guľou  |c Anton Ihring 
650 0 7 |a atletika  |2 snkbucl  |9 3279 
650 0 7 |a vrh guľou  |2 snkbucl  |9 22920 
650 0 7 |a športový tréning  |2 snkbucl  |9 163263 
650 0 7 |a metodika  |2 snkbucl  |9 280023 
655 7 |a články z novín a časopisov  |2 snkbucl  |9 267496 
773 0 |t Tréner  |g Roč. 15, č. 9 (1971), s. 400-406 
850 |a Slovenská národná knižnica v Martine 
852 |a SNK  |b KIS3GCP 
999 |c 3333016  |d 3334946